| 000 | 01465nam a22003977a 4500 | ||
|---|---|---|---|
| 082 |
_a624.15136 _bTAY _cD |
||
| 100 |
_aTaylor, Donald. W _926830 |
||
| 245 |
_aFundamentals of soil mechanics _cTaylor, Donald. W |
||
| 260 |
_aNew York _bJohn Wiley & Sons _c1959 |
||
| 300 |
_axii, 700 p. _bill. _c18 cm. |
||
| 526 |
_a0 _b0 _c0 _d624_151360000000000_TAY |
||
| 526 |
_a0 _b0 _c0 _d624_151360000000000_TAY |
||
| 526 |
_a0 _b0 _c0 _d624_151360000000000_TAY |
||
| 526 |
_a0 _b0 _c0 _d624_151360000000000_TAY |
||
| 526 |
_a0 _b0 _c0 _d624_151360000000000_TAY |
||
| 526 |
_a0 _b0 _c0 _d624_151360000000000_TAY |
||
| 526 |
_a0 _b0 _c0 _d624_151360000000000_TAY |
||
| 526 |
_a0 _b0 _c0 _d624_151360000000000_TAY |
||
| 526 |
_a0 _b0 _c0 _d624_151360000000000_TAY |
||
| 526 |
_a0 _b0 _c0 _d624_151360000000000_TAY |
||
| 526 |
_a0 _b0 _c0 _d624_151360000000000_TAY |
||
| 526 |
_a0 _b0 _c0 _d624_151360000000000_TAY |
||
| 526 |
_a0 _b0 _c0 _d624_151360000000000_TAY |
||
| 526 |
_a0 _b0 _c0 _d624_151360000000000_TAY |
||
| 526 |
_a0 _b0 _c0 _d624_151360000000000_TAY |
||
| 526 |
_a0 _b0 _c0 _d624_151360000000000_TAY |
||
| 526 |
_a0 _b0 _c0 _d624_151360000000000_TAY |
||
| 526 |
_a0 _b0 _c0 _d624_151360000000000_TAY |
||
| 526 |
_a0 _b0 _c0 _d624_151360000000000_TAY |
||
| 526 |
_a0 _b0 _c0 _d624_151360000000000_TAY |
||
| 526 |
_a0 _b0 _c0 _d624_151360000000000_TAY |
||
| 526 |
_a0 _b0 _c0 _d624_151360000000000_TAY |
||
| 526 |
_a0 _b0 _c0 _d624_151360000000000_TAY |
||
| 650 |
_aD _96527 |
||
| 942 |
_2ddc _cBK |
||
| 999 |
_c546390 _d546390 |
||